000
00292nam a2200109Ia 4500
008
201217s9999 xx 000 0 und d
100
_a
Shim, J. K
245
0
_a
Handbook of financial analysis, forecasting & modelling
260
_a
Englewood Cliffs
_b
Prentice Hall
300
_a
437
942
_c
BK
999
_c
7976
_d
7976